Aulas sin muros : un estudio sobre las prácticas educativas mediadas por tecnologías en un entorno virtual de aprendizaje /
Guardado en:
| Autor Principal: | |
|---|---|
| Formato: | Libro |
| Publicado: |
Madrid :
Libros En Red,
2012
|
| Series: | Educación
|
| Materias: | |
| Etiquetas: |
Agregar Etiqueta
Sin Etiquetas, Sea el primero en etiquetar este registro!
|
| LEADER | 00683nam a22002175a 4500 | ||
|---|---|---|---|
| 001 | CEM.cems013846 | ||
| 008 | 130507s2012##################000#0#####d | ||
| 005 | 20210705085422.0 | ||
| 003 | CEMS | ||
| 245 | 1 | 0 | |a Aulas sin muros : |b un estudio sobre las prácticas educativas mediadas por tecnologías en un entorno virtual de aprendizaje / |c Marcela A. Tagua de Pepa |
| 260 | |a Madrid : |b Libros En Red, |c 2012 | ||
| 300 | |a 75 p. | ||
| 490 | 0 | |a Educación | |
| 590 | |a 1022.013 | ||
| 100 | 1 | |a Tagua de Pepa, Marcela A. | |
| 653 | |a Educación | ||
| 653 | |a Tecnología | ||
| 653 | |a Tic | ||
| 653 | |a E-learning | ||
| 653 | |a Biblioteca TC | ||
| 859 | |a CEMS |b BIB. CEMS - 11 de abril |h TC |p 1022.013 |t Ej.1 | ||
